[Event "Aalborg Larsen Memorial"]
[Site "Aalborg"]
[Date "2018.10.19"]
[Round "7"]
[White "Nielsen, Poul Erik1"]
[Black "Ekelund, Peter"]
[Result "0-1"]
[WhiteElo "1987"]
[BlackElo "1987"]
[PlyCount "78"]
[EventDate "2018.10.13"]
[EventType "swiss"]
[EventRounds "7"]
[EventCountry "DEN"]
[SourceTitle "CBM 186 Extra"]
[Source "ChessBase"]
[SourceDate "2018.08.24"]
[SourceVersion "1"]
[SourceVersionDate "2018.08.24"]
[SourceQuality "1"]

1. Nf3 c5 2. g3 g6 3. Bg2 Bg7 4. 0-0 Nc6 5. d3 e5 6. e4 d6 7. h3 Nge7 8. Nc3 0-0 9. Be3 Nd4 10. Kh2 h6 11. Ne2 Be6 12. c3 Nxf3+ 13. Bxf3 Qd7 14. Bg2 Kh7 15. b3 Rac8 16. Qd2 d5 17. f3 d4 18. Bf2 f5 19. c4 fxe4 20. dxe4 b5 21. cxb5 Qxb5 22. Ng1 Nc6 23. Rfc1 h5 24. Bf1 Qb6 25. Rd1 Bh6 26. Qc2 Nb4 27. Qb2 c4 28. bxc4 Bxc4 29. Rab1 Bxf1 30. Qxb4 Qxb4 31. Rxb4 Ba6 32. Rb2 d3 33. Rdb1 Rc2 34. Kh1 Rfc8 35. f4 Rxb2 36. Rxb2 exf4 37. Nf3 Rc2 38. Bd4 fxg3 39. Rb8 Bc8 0-1

[Event "Aalborg Larsen Memorial"]
[Site "Aalborg"]
[Date "2018.10.17"]
[Round "5"]
[White "Hammar, Bengt Erik"]
[Black "Ekelund, Peter"]
[Result "1/2-1/2"]
[WhiteElo "2178"]
[BlackElo "1987"]
[PlyCount "81"]
[EventDate "2018.10.13"]
[EventType "swiss"]
[EventRounds "7"]
[EventCountry "DEN"]
[SourceTitle "CBM 186 Extra"]
[Source "ChessBase"]
[SourceDate "2018.08.24"]
[SourceVersion "1"]
[SourceVersionDate "2018.08.24"]
[SourceQuality "1"]

1. e4 g6 2. d4 Bg7 3. Nc3 d6 4. f4 Nf6 5. Nf3 0-0 6. Bd3 c5 7. dxc5 dxc5 8. 0-0 Nc6 9. e5 Nd5 10. Nxd5 Qxd5 11. Qe1 Bg4 12. Be4 Qd7 13. Be3 b6 14. Rd1 Qc7 15. Qh4 Bxf3 16. Bxf3 Rad8 17. c3 e6 18. Qf2 Ne7 19. Qe2 Nd5 20. Bc1 Rd7 21. g3 Rfd8 22. Be4 c4 23. Kh1 b5 24. a3 a5 25. Rd4 Bf8 26. a4 Bc5 27. Rdd1 Qb6 28. axb5 Qxb5 29. Bb1 Nb6 30. Rxd7 Rxd7 31. h4 a4 32. Be4 Nd5 33. Qf3 Qb3 34. Rd1 a3 35. bxa3 Bxa3 36. Bxa3 Qxa3 37. h5 Qc5 38. Rd4 Nb6 39. Rxd7 Nxd7 40. hxg6 hxg6 41. Kg2 1/2-1/2

[Event "SWE-chT2 0708"]
[Site "Sweden"]
[Date "2008.02.24"]
[Round "6"]
[White "Johansson, Robin"]
[Black "Ekelund, Peter"]
[Result "1-0"]
[WhiteElo "2281"]
[BlackElo "2153"]
[PlyCount "65"]
[EventDate "2007.10.20"]
[EventType "team-tourn"]
[EventRounds "9"]
[EventCountry "SWE"]
[SourceTitle "EXT 2009"]
[Source "ChessBase"]
[SourceDate "2008.11.26"]
[SourceVersion "1"]
[SourceVersionDate "2008.11.26"]
[SourceQuality "1"]
[WhiteTeam "Stockholm Rockaden II"]
[BlackTeam "Passanten"]
[WhiteTeamCountry "SWE"]
[BlackTeamCountry "SWE"]

1. e4 c5 2. Nf3 e6 3. b4 cxb4 4. a3 Nc6 5. axb4 Nxb4 6. c3 Nc6 7. d4 d5 8. e5 Bd7 9. Bd3 Nge7 10. Ba3 Ng6 11. Bxf8 Kxf8 12. g3 Nge7 13. Na3 a6 14. h4 h6 15. h5 b5 16. Nc2 a5 17. 0-0 Nf5 18. Bxf5 exf5 19. Ne3 Ne7 20. Qb3 Bc6 21. Qa3 Qd7 22. e6 Qxe6 23. Rfe1 Qf6 24. Ne5 Kg8 25. Nxc6 Nxc6 26. Nxd5 Qd8 27. Qc5 Rc8 28. Qxb5 Kh7 29. Nf4 Re8 30. Qxf5+ Kg8 31. Nd3 Rxe1+ 32. Rxe1 Ne7 33. Rxe7 1-0

[Event "SWE-chT2 0708"]
[Site "Sweden"]
[Date "2008.02.23"]
[Round "6"]
[White "Engstrom, Staffan"]
[Black "Ekelund, Peter"]
[Result "1-0"]
[WhiteElo "2050"]
[BlackElo "2153"]
[PlyCount "79"]
[EventDate "2007.10.20"]
[EventType "team-tourn"]
[EventRounds "9"]
[EventCountry "SWE"]
[SourceTitle "EXT 2009"]
[Source "ChessBase"]
[SourceDate "2008.11.26"]
[SourceVersion "1"]
[SourceVersionDate "2008.11.26"]
[SourceQuality "1"]
[WhiteTeam "Farsta"]
[BlackTeam "Passanten"]
[WhiteTeamCountry "SWE"]
[BlackTeamCountry "SWE"]

1. d4 e6 2. Nf3 f5 3. g3 Nf6 4. Bg2 Be7 5. 0-0 0-0 6. c4 d5 7. Nc3 c6 8. b3 Qe8 9. Bb2 Nbd7 10. Qc2 Qh5 11. e3 Ne4 12. Ne2 g5 13. Ne5 Nef6 14. f3 a5 15. a3 Ra6 16. Rae1 h6 17. Nd3 Bd6 18. c5 Be7 19. b4 Bd8 20. Nc3 Qe8 21. b5 Ra8 22. b6 Nh5 23. e4 dxe4 24. fxe4 Bf6 25. Na4 f4 26. g4 Ng7 27. e5 Be7 28. Be4 h5 29. h3 h4 30. Nf2 Kh8 31. Bg6 Qd8 32. Ne4 Nb8 33. Nd6 Bxd6 34. exd6 Nd7 35. d5 cxd5 36. Rxe6 Nf6 37. Re7 Bd7 38. Rfe1 Rc8 39. Bh5 Bxa4 40. Qg6 1-0

[Event "SWE-chT2 0708"]
[Site "Sweden"]
[Date "2007.10.20"]
[Round "1"]
[White "Ekelund, Peter"]
[Black "Krantz, Christopher"]
[Result "1/2-1/2"]
[WhiteElo "2114"]
[BlackElo "2142"]
[PlyCount "57"]
[EventDate "2007.10.20"]
[EventType "team-tourn"]
[EventRounds "9"]
[EventCountry "SWE"]
[SourceTitle "EXT 2009"]
[Source "ChessBase"]
[SourceDate "2008.11.26"]
[SourceVersion "1"]
[SourceVersionDate "2008.11.26"]
[SourceQuality "1"]
[WhiteTeam "Passanten"]
[BlackTeam "Eksjo"]
[WhiteTeamCountry "SWE"]
[BlackTeamCountry "SWE"]

1. c4 c5 2. g3 Nf6 3. Bg2 d5 4. cxd5 Nxd5 5. Nf3 Nc6 6. Nc3 Nc7 7. d3 e5 8. 0-0 Be7 9. Bd2 0-0 10. Rc1 Bd7 11. Ne4 Ne6 12. Bc3 f6 13. a3 Kh8 14. e3 Rc8 15. Qe2 Nc7 16. Bd2 b6 17. Rfd1 Nd5 18. Nc3 Nxc3 19. Bxc3 Bg4 20. h3 Bh5 21. g4 Bf7 22. d4 exd4 23. exd4 cxd4 24. Nxd4 Nxd4 25. Bxd4 Rxc1 26. Rxc1 Bd6 27. Rd1 Re8 28. Qd3 Bg6 29. Qc3 1/2-1/2

[Event "SWE-chT 0405"]
[Site "Sweden"]
[Date "2005.??.??"]
[Round "6"]
[White "Berkell, Peder"]
[Black "Ekelund, Peter"]
[Result "0-1"]
[WhiteElo "2242"]
[BlackElo "2112"]
[PlyCount "88"]
[EventDate "2004.11.05"]
[EventType "team-tourn"]
[EventRounds "11"]
[EventCountry "SWE"]
[SourceTitle "EXT 2006"]
[Source "ChessBase"]
[SourceDate "2005.11.24"]
[SourceVersion "1"]
[SourceVersionDate "2005.11.24"]
[SourceQuality "1"]
[WhiteTeam "Wasa"]
[BlackTeam "Passanten"]
[WhiteTeamCountry "SWE"]
[BlackTeamCountry "SWE"]

1. d4 e6 2. Nd2 c5 3. e3 b6 4. Ngf3 Bb7 5. Bd3 Nf6 6. 0-0 Be7 7. b3 Nc6 8. a3 Qc7 9. Bb2 0-0 10. c4 Rac8 11. Rc1 d6 12. Re1 Rfd8 13. Qe2 Qb8 14. h3 a6 15. Nh2 cxd4 16. exd4 d5 17. c5 bxc5 18. dxc5 a5 19. Ng4 Nxg4 20. Qxg4 g6 21. Rxe6 fxe6 22. Bxg6 d4 23. Be4+ Kf8 24. Bxh7 Ke8 25. Re1 Ne5 26. Qh5+ Nf7 27. Bg8 Qf4 28. Nc4 Rxc5 29. Ne5 Rxe5 30. Rxe5 Kf8 31. Bxf7 Qxf7 32. Qh8+ Qg8 33. Qxg8+ Kxg8 34. Rxe6 d3 35. Bc3 Kf7 36. Rb6 Be4 37. Bd2 Bxa3 38. Bxa5 d2 39. Bxd2 Rxd2 40. b4 Rb2 41. g4 Rxb4 42. Rxb4 Bxb4 43. f4 Bd6 44. f5 Kf6 0-1

[Event "SWE-chT 9596"]
[Site "Sweden"]
[Date "1996.??.??"]
[Round "?"]
[White "Ekelund, Peter"]
[Black "Bjarnehag, Peter"]
[Result "1-0"]
[WhiteElo "2300"]
[BlackElo "2290"]
[PlyCount "93"]
[EventDate "1995.??.??"]
[EventType "team-tourn"]
[EventRounds "9"]
[EventCountry "SWE"]
[SourceTitle "EXT 1998"]
[Source "ChessBase"]
[SourceDate "1997.11.17"]
[SourceVersion "1"]
[SourceVersionDate "1997.11.17"]
[SourceQuality "1"]

1. c4 c5 2. Nc3 Nc6 3. Nf3 e5 4. d3 g6 5. Bg5 f6 6. Bd2 Bg7 7. g3 Nge7 8. Bg2 0-0 9. a3 a5 10. 0-0 d6 11. Ne1 Be6 12. Nd5 Rb8 13. Rb1 b5 14. Nxe7+ Nxe7 15. cxb5 Rxb5 16. b4 axb4 17. axb4 cxb4 18. Rxb4 Qb6 19. Qa4 Rxb4 20. Qxb4 Rb8 21. Qa3 Nf5 22. Nf3 Bf8 23. Ra1 d5 24. Qa5 Qb7 25. Bh3 Ng7 26. Bxe6+ Nxe6 27. Qa6 Qxa6 28. Rxa6 Rb1+ 29. Kg2 Kf7 30. Ra7+ Be7 31. g4 g5 32. h4 e4 33. Ne1 gxh4 34. Nc2 Ke8 35. Ne3 Nf4+ 36. Kh2 Bd6 37. Nf5 Bb8 38. Re7+ Kf8 39. dxe4 dxe4 40. Rxe4 Nxe2+ 41. Kg2 Rg1+ 42. Kf3 h3 43. Bb4+ Kf7 44. Re7+ Kg8 45. Nh6+ Kh8 46. Re8+ Kg7 47. Rg8+ 1-0

[Event "SWE-chT 9596"]
[Site "Sweden"]
[Date "1996.??.??"]
[Round "?"]
[White "Ekelund, Peter"]
[Black "Eriksson, Magnus"]
[Result "0-1"]
[WhiteElo "2300"]
[BlackElo "2360"]
[PlyCount "62"]
[EventDate "1995.??.??"]
[EventType "team-tourn"]
[EventRounds "9"]
[EventCountry "SWE"]
[SourceTitle "EXT 1998"]
[Source "ChessBase"]
[SourceDate "1997.11.17"]
[SourceVersion "1"]
[SourceVersionDate "1997.11.17"]
[SourceQuality "1"]

1. Nf3 Nf6 2. g3 d5 3. Bg2 e6 4. 0-0 Be7 5. c4 0-0 6. b3 a5 7. a4 d4 8. Bb2 c5 9. e3 Nc6 10. exd4 cxd4 11. d3 e5 12. Re1 Nd7 13. Qe2 Bb4 14. Nbd2 Nc5 15. Red1 Bf5 16. Nxe5 Re8 17. Bxc6 bxc6 18. Qh5 Rxe5 19. Nf3 Re2 20. Qxf5 Rxb2 21. Ng5 Qf6 22. Qxh7+ Kf8 23. Nh3 Re8 24. Qh8+ Ke7 25. Qh5 Kd6 26. Rab1 Ra2 27. Nf4 g6 28. Qg4 Qf5 29. Qxf5 gxf5 30. h4 Bd2 31. Nh3 Nxd3 0-1